Normal view
MARC view
Entry Topical Term
001 - CONTROL NUMBER
- control field: 81917
003 - CONTROL NUMBER IDENTIFIER
- control field: OSt
005 - DATE AND TIME OF LATEST TRANSACTION
- control field: 20231020140552.0
008 - FIXED-LENGTH DATA ELEMENTS
- fixed length control field: 231020|| aca||aabn | a|a d
040 ## - CATALOGING SOURCE
- Original cataloging agency: OSt
- Transcribing agency: OSt
150 ## - HEADING--TOPICAL TERM
- Topical term or geographic name entry element: भारतीय राजव्यवस्था
670 ## - SOURCE DATA FOUND
- Source citation: Work cat.: (OSt)66126: घटना चक्र 81916, सामान्य अध्ययन पूर्वावलोकन भारतीय राजव्यवस्था शासन हल प्रश्न पत्र - 2023 , 2023









